LEADER 01156cam0-22003491i-450- 001 990004242180403321 005 20081110121620.0 035 $a000424218 035 $aFED01000424218 035 $a(Aleph)000424218FED01 035 $a000424218 100 $a19990604d1986----km-y0itay50------ba 101 0 $aita 102 $aIT 105 $ay---a---001yy 200 1 $a<>frammenti degli storici giudaico-ellenistici$fLuciano Bombelli 210 $aGenova$cDipartimento di Archeologia, Filologia classica e loro tradizioni$d1986 215 $a193 p.$d22 cm 225 1 $aPubblicazioni del D.AR.FI.CL.ET.$iNuova serie$v103 304 $aIn testa al front.: Università di Genova, Facoltà di Lettere 307 $aCopertina in brossura 610 0 $aEbrei$aStoria$aFonti giudaico-ellenistiche$aSec. 3.-1. a. C. 676 $a909 676 $a296.1 700 1$aBombelli,$bLuciano$0167611 801 0$aIT$bUNINA$gRICA$2UNIMARC 901 $aBK 912 $a990004242180403321 952 $aP2B-610-ST.G.E.-200A-1986$bBibl. 11200$fFLFBC 959 $aFLFBC 996 $aFrammenti degli storici giudaico-ellenistici$9162102 997 $aUNINA